000 01333nam0a2200325 4500
001 RU\NLR\BIBL_A\022016114
005 20231228135348.0
010 _a978-5-907744-31-8
_9500
021 _aRU
_bКН-П-23-047623
_9КН-П-23-4768
035 _a(NLR Aleph) 022016114
035 _a(RuMoRGB)011978728
090 _a12498073
_c12498073
100 _a20230831d2023 u y0rusy50 ca
101 0 _arus
102 _aRU
105 _aа j 000zy
181 0 _ai
_baxxe
182 0 _an
200 1 _aСудебная бухгалтерия. Курс лекций
_eучебное пособие
_fЛайпанова З. М.
203 _aТекст
_bвизуальный
_cнепосредственный
210 _aКурск
_cУниверситетская книга
_d2023
215 _a116 с.
_cил., табл.
_d21
320 _aБиблиогр.: с. 114-116 (30 назв.)
606 1 _aСудебно-бухгалтерская экспертиза
_yРоссийская Федерация
_jУчебные издания
_2nlr_sh1
_2nlr_sh2
_3RU\NLR\AUTH\661254498
686 1 _aХ629.341.313я7
700 1 _aЛайпанова
_bЗ. М.
_gЗульфия Мудалиповна
942 _cBOOK
980 _aNB